000 00505nam a22001697a 4500
999 _c20127
_d20127
003 AR-CdUCM
008 190527b ||||| |||| 00| 0 spa d
040 _aMUNICIPALIDAD PROVINCIAL DEL CUSCO
_cBIBLIOTECA MUNICIPAL DEL CUSCO
082 _a809 /
_bP45
100 _aPerés, Ramón de
_942097
245 _aLiteratura universal /
260 _aBarcelona :
_bRamón Sopena,
_c1964.
300 _a985 páginas
_c21 cm.
710 _aBIBLIOTECA HISPANIA
_942098
942 _2ddc
_cLIBROS
945 _aJavier